El Positivismo en Iberoamérica /
El documento presenta un análisis de las corrientes del pensamiento iberoamericano, tomando como referencia a las diferentes formaciones económico-sociales en cada época histórica.
שמור ב:
| מחבר ראשי: | |
|---|---|
| פורמט: | Texto |
| שפה: | Spanish |
| יצא לאור: |
Heredia:
UNA. Departamento de Filosofía
1977
|
| נושאים: | |
| תגים: |
הוספת תג
אין תגיות, היה/י הראשונ/ה לתייג את הרשומה!
|
MARC
| LEADER | 00000 a a2200000 04500 | ||
|---|---|---|---|
| 001 | 16537 | ||
| 003 | cru CIDCACS/IIS | ||
| 005 | 20230613082358.0 | ||
| 008 | 230613e1977 cr ||||| |||| 00| 0 spa d | ||
| 040 | |c CRAI/IIS | ||
| 090 | |a 03.01.02 E77p | ||
| 100 | |a España, Olmedo | ||
| 245 | |a El Positivismo en Iberoamérica / |c Olmedo España | ||
| 260 | |a Heredia: |b UNA. Departamento de Filosofía |c 1977 | ||
| 300 | |a 23 páginas | ||
| 520 | |a El documento presenta un análisis de las corrientes del pensamiento iberoamericano, tomando como referencia a las diferentes formaciones económico-sociales en cada época histórica. | ||
| 650 | 0 | |9 7299 |a PENSAMIENTO | |
| 650 | 0 | |9 136 |a HISTORIA | |
| 650 | 0 | |9 4355 |a ASPECTOS ECONOMICOS | |
| 650 | 0 | |9 632 |a ASPECTOS SOCIALES | |
| 651 | 0 | |9 7598 |a IBEROAMERICA | |
| 942 | |2 ddc |c LITG |h 03.01.02 E77p |i 06612 |6 030102_E77P_06612 | ||
| 999 | |c 16678 |d 16678 | ||
